Adobe Illustrator CS (Запись № 1174764)

Подробности
000 -МАРКЕР
контрольное поле 01010nam0a2200277 4500
001 - ИДЕНТИФИКАТОР ЗАПИСИ
контрольное поле RU\NLR\bibl\810859
005 - ИДЕНТИФИКАТОР ВЕРСИИ
контрольное поле 20250614132817.0
010 ## - МЕЖДУНАРОДНЫЙ СТАНДАРТНЫЙ НОМЕР КНИГИ (ISBN)
Номер (ISBN) 5-89392-094-5
Тираж 2000
021 ## - НОМЕР ГОСУДАРСТВЕННОЙ РЕГИСТРАЦИИ
Код страны Российская Федерация
Номер 2005-15658
Номер Листа государственной регистраци 798
035 ## - ДРУГИЕ СИСТЕМНЫЕ НОМЕРА
Идентификатор записи (NLR Aleph) 000799927
100 ## - ДАННЫЕ ОБЩЕЙ ОБРАБОТКИ
Данные общей обработки 20050617d2005 |||y0rusy50 ca
101 1# - ЯЗЫК РЕСУРСА
Язык текста, звукозаписи и т.д. русский
Язык оригинала английский
102 ## - СТРАНА ПУБЛИКАЦИИ ИЛИ ПРОИЗВОДСТВА
Страна публикации Российская Федерация
105 ## - ПОЛЕ КОДИРОВАННЫХ ДАННЫХ: ТЕКСТОВЫЕ МАТЕРИАЛЫ, МОНОГРАФИЧЕСКИЕ
Кодированные данные о монографическом текстовом документе a |||||||||
200 1# - ЗАГЛАВИЕ И СВЕДЕНИЯ ОБ ОТВЕТСТВЕННОСТИ
Основное заглавие Adobe Illustrator CS
Сведения, относящиеся к заглавию официальный учебный курс
Первые сведения об ответственности [пер. с англ. А. Тимаков]
210 ## - ПУБЛИКАЦИЯ, РАСПРОСТРАНЕНИЕ И ДР.
Место издания, распространения и т.д. Москва
Имя издателя, распространителя и т. д. Триумф
Дата издания, распространения и т.д. 2005
215 ## - ФИЗИЧЕСКАЯ ХАРАКТЕРИСТИКА
Специфическое обозначение материала и объем 491 с.
Другие сведения о физической характеристике ил.
Размеры 24
Сопроводительный материал [1] электрон. опт. диск. (CD-ROM)
225 1# - СЕРИЯ
Основное заглавие серии Серия: Официальный учебный курс
606 1# - НАИМЕНОВАНИЕ ТЕМЫ КАК ПРЕДМЕТ
Наименование темы ADOBE ILLUSTRATOR CS, графический редактор
Формальный подзаголовок Учебные издания
Системный номер авторитетной/нормативной записи 2339666
Идентификатор авторитетной/нормативной записи RU\NLR\auth\661398596
686 ## - ИНДЕКСЫ ДРУГИХ КЛАССИФИКАЦИЙ
Индекс З973.23-018.3я7
801 #0 - ИСТОЧНИК ЗАПИСИ
Страна Российская Федерация
Организация NLR
Дата составления 20050617
Правила каталогизации rcr
801 #1 - ИСТОЧНИК ЗАПИСИ
Страна Российская Федерация
Организация NLR
Дата составления 20050617
942 ## - ДОПОЛНИТЕЛЬНЫЕ ЭЛЕМЕНТЫ ЗАПИСИ (АБИС)
Тип экземпляра АБИС Книга
980 ## - КОЛЛЕКЦИЯ
Название коллекции Национальная библиография
Экземпляры
Тип экземпляра Дата поступления Источник поступления Библиотека постоянного хранения Библиотека текущего хранения Место хранения Шифр хранения Штрих-код Статус экземпляра Стоимость
Книга 17.06.2005 Обязательный экземпляр РНБ (Московский) РНБ (Московский) Русский книжный фонд: издания с 1957 года 2005-7/2972 940851    
Книга 17.06.2005 Обязательный экземпляр РНБ (Московский) РНБ (Московский) Русский книжный фонд: издания с 1957 года 2005-7/2972 940852    
Книга 29.07.2005 Покупка РНБ (Московский) РНБ (Московский) Фонд общего зала литературы по технике Т1 З973.23-018.3/А-316+CD 1-364645   289.79
Книга 29.07.2005 Покупка РНБ (Садовая) РНБ (Садовая) Универсальный читальный зал Т2 З973.23-018.3/А-316 1-331925   289.79
Книга 29.07.2005 Покупка РНБ (Фонтанка) РНБ (Фонтанка) Юношеский читальный зал Ю З973.23-018.3/А-31 1-348285   289.79